[Event "AUT-chT 2324"]
[Site "Austria"]
[Date "2024.03.21"]
[Round "8.2"]
[White "Erdos, Viktor"]
[Black "Pajeken, Jakob Leon"]
[Result "1/2-1/2"]
[WhiteElo "2552"]
[BlackElo "2424"]
[PlyCount "74"]
[EventDate "2023.11.22"]
[EventType "team-tourn"]
[EventRounds "11"]
[EventCountry "AUT"]
[SourceTitle "CB13_2024"]
[SourceDate "2024.03.27"]
[SourceVersion "1"]
[SourceVersionDate "2024.03.27"]
[SourceQuality "1"]
[WhiteTeam "Pinggau Friedberg"]
[BlackTeam "Raika Feffernitz"]
[WhiteTeamCountry "AUT"]
[BlackTeamCountry "AUT"]

1. d4 d5 2. Nf3 Nf6 3. c4 dxc4 4. e3 e6 5. Bxc4 c5 6. 0-0 Nc6 7. Qe2 a6 8. Rd1 b5 9. dxc5 Qc7 10. Bd3 Nb4 11. a4 Nxd3 12. Qxd3 b4 13. b3 Bxc5 14. Bb2 Bb7 15. Nbd2 0-0 16. Bxf6 gxf6 17. Ne4 Be7 18. Rac1 Qa5 19. Qd7 Bxe4 20. Qxe7 Bxf3 21. gxf3 Qf5 22. Rd4 Rae8 23. Qxb4 Kh8 24. Rg4 Qxf3 25. Qf4 Qxf4 26. Rxf4 Rb8 27. b4 e5 28. Rxf6 Rxb4 29. Rxa6 Rb2 30. Ra7 Ra2 31. Rb1 Kg7 32. Rb6 e4 33. Rb5 Kh6 34. Rb1 f6 35. Kf1 Rg8 36. Rf7 Kg6 37. Ra7 Rc8 1/2-1/2

[Event "HUN-chT 2324"]
[Site "Hungary"]
[Date "2024.03.03"]
[Round "5.1"]
[White "Stevic, Hrvoje"]
[Black "Erdos, Viktor"]
[Result "1/2-1/2"]
[WhiteElo "2549"]
[BlackElo "2559"]
[PlyCount "60"]
[EventDate "2023.10.28"]
[EventType "team-tourn"]
[EventRounds "9"]
[EventCountry "HUN"]
[SourceTitle "CB16_2024"]
[SourceDate "2024.04.17"]
[SourceVersion "1"]
[SourceVersionDate "2024.04.17"]
[SourceQuality "1"]
[WhiteTeam "Dunaharaszti"]
[BlackTeam "Kobanya Aquarena"]
[WhiteTeamCountry "HUN"]
[BlackTeamCountry "HUN"]

1. e4 e5 2. Nf3 Nc6 3. Nc3 Nf6 4. d4 exd4 5. Nxd4 Bb4 6. Nxc6 bxc6 7. Bd3 0-0 8. 0-0 d5 9. exd5 Bg4 10. f3 Bh5 11. Bg5 cxd5 12. Nxd5 Qxd5 13. Bxf6 Qc5+ 14. Kh1 gxf6 15. a3 Ba5 16. b4 Bxb4 17. axb4 Qxb4 18. Ra6 Bg6 19. Qa1 Rfd8 20. Qxf6 Rxd3 21. cxd3 Bxd3 22. Qc6 Bxf1 23. Qxa8+ Kg7 24. Rxa7 Bxg2+ 25. Kxg2 Qd2+ 26. Kh3 Qh6+ 27. Kg2 Qd2+ 28. Kh3 Qh6+ 29. Kg2 Qd2+ 30. Kh3 Qh6+ 1/2-1/2

[Event "AUT-chT 2324"]
[Site "Austria"]
[Date "2023.11.26"]
[Round "6.2"]
[White "Erdos, Viktor"]
[Black "Blohberger, Felix"]
[Result "1/2-1/2"]
[WhiteElo "2557"]
[BlackElo "2513"]
[PlyCount "61"]
[EventDate "2023.11.22"]
[EventType "team-tourn"]
[EventRounds "11"]
[EventCountry "AUT"]
[SourceTitle "CB48_2023"]
[SourceDate "2023.11.29"]
[SourceVersion "1"]
[SourceVersionDate "2023.11.29"]
[SourceQuality "1"]
[WhiteTeam "Pinggau Friedberg"]
[BlackTeam "Ottakring"]
[WhiteTeamCountry "AUT"]
[BlackTeamCountry "AUT"]

1. d4 Nf6 2. c4 e6 3. Nf3 d5 4. Nc3 c5 5. cxd5 cxd4 6. Qxd4 exd5 7. Bg5 Be7 8. e3 0-0 9. Be2 Nc6 10. Qa4 h6 11. Bh4 Be6 12. 0-0 Qb6 13. Qb5 g5 14. Bg3 Qxb5 15. Nxb5 Ne4 16. Nfd4 Nxg3 17. hxg3 Nxd4 18. Nxd4 Bf6 19. Rac1 Rac8 20. Bd3 Rxc1 21. Rxc1 Rc8 22. Rxc8+ Bxc8 23. Kf1 Bxd4 24. exd4 f6 25. Ke2 Kf7 26. Kd2 Ke7 27. Kc3 a5 28. b4 b6 29. Kb3 Bd7 30. a3 Kd6 31. Be2 1/2-1/2

[Event "EU-chT 24th"]
[Site "Budva"]
[Date "2023.11.13"]
[Round "3.11"]
[White "Erdos, Viktor"]
[Black "Paichadze, Luka"]
[Result "1/2-1/2"]
[WhiteElo "2557"]
[BlackElo "2501"]
[PlyCount "167"]
[EventDate "2023.11.11"]
[EventType "team-swiss"]
[EventRounds "9"]
[EventCountry "MNE"]
[SourceTitle "CB47_2023"]
[SourceDate "2023.11.22"]
[SourceVersion "1"]
[SourceVersionDate "2023.11.22"]
[SourceQuality "1"]
[WhiteTeam "Hungary"]
[BlackTeam "Georgia"]
[WhiteTeamCountry "HUN"]
[BlackTeamCountry "GEO"]

1. Nf3 Nf6 2. c4 e6 3. Nc3 Bb4 4. g4 h6 5. Rg1 Nc6 6. Qc2 d5 7. a3 Bxc3 8. dxc3 e5 9. g5 hxg5 10. Bxg5 e4 11. Nd2 Bf5 12. 0-0-0 Ne7 13. e3 Rxh2 14. cxd5 Rxf2 15. Bh4 Rh2 16. Bg3 Rh7 17. c4 Bg6 18. Bf4 Nf5 19. Bg2 Qe7 20. Qc3 Rd8 21. Nb3 Nh5 22. Rge1 Nh4 23. Bh1 Nxf4 24. exf4 Kf8 25. Nd4 Re8 26. c5 Qf6 27. Nb5 Qxf4+ 28. Kb1 a6 29. Nd4 Nf3 30. Bxf3 exf3+ 31. Ka2 Rxe1 32. Rxe1 f2 33. Rf1 Be4 34. d6 Bd5+ 35. b3 Rh1 36. dxc7 Qxc7 37. Rxf2 Rh2 38. Qd2 Rxf2 39. Qxf2 Kg8 40. Qh4 f6 41. Qh5 Qxc5 42. Qe8+ Qf8 43. Qd7 Bf7 44. Qxb7 Qd8 45. Qa7 g6 46. Kb2 f5 47. Kc3 Qa5+ 48. Kd3 Qxa3 49. Qb8+ Qf8 50. Qb6 Qc8 51. Qd6 Qb7 52. Kc3 Qc8+ 53. Kd2 Qa8 54. Nc6 Qe8 55. Ne5 a5 56. Qf6 Qf8 57. Nc6 Qh6+ 58. Kd3 Qh3+ 59. Kd2 Qg2+ 60. Ke3 Qe4+ 61. Kf2 f4 62. Ne7+ Kf8 63. Nxg6+ Qxg6 64. Qxf4 Qc2+ 65. Ke1 Qc3+ 66. Qd2 Qe5+ 67. Qe2 Qc5 68. Qf3 Ke7 69. Kd2 Be6 70. Qd3 Qf2+ 71. Kc3 Qf6+ 72. Qd4 Qf3+ 73. Kd2 Qf5 74. Kc3 Qb5 75. b4 a4 76. Qc5+ Qxc5+ 77. bxc5 a3 78. Kc2 Ba2 79. Kc3 Bc4 80. Kc2 Ba2 81. Kc3 Kd7 82. Kb4 Kc6 83. Kxa3 Kxc5 84. Kxa2 1/2-1/2

[Event "EU-chT 24th"]
[Site "Budva"]
[Date "2023.11.12"]
[Round "2.1"]
[White "Keymer, Vincent"]
[Black "Erdos, Viktor"]
[Result "1-0"]
[WhiteElo "2721"]
[BlackElo "2557"]
[PlyCount "81"]
[EventDate "2023.11.11"]
[EventType "team-swiss"]
[EventRounds "9"]
[EventCountry "MNE"]
[SourceTitle "CB47_2023"]
[SourceDate "2023.11.22"]
[SourceVersion "1"]
[SourceVersionDate "2023.11.22"]
[SourceQuality "1"]
[WhiteTeam "Germany"]
[BlackTeam "Hungary"]
[WhiteTeamCountry "GER"]
[BlackTeamCountry "HUN"]

1. d4 Nf6 2. c4 e6 3. g3 d5 4. Bg2 Be7 5. Nf3 0-0 6. Qc2 c6 7. 0-0 b6 8. Nbd2 c5 9. dxc5 bxc5 10. b3 Bb7 11. Bb2 Nbd7 12. cxd5 exd5 13. Rad1 Re8 14. Nb1 Bf8 15. e3 Rc8 16. Nc3 Qa5 17. Qd2 Qa6 18. Rfe1 c4 19. Bf1 Nc5 20. Nd4 Nce4 21. Qc2 Nxc3 22. Bxc3 Ne4 23. Rb1 h5 24. Ba1 h4 25. f3 Nc5 26. bxc4 hxg3 27. hxg3 Qh6 28. Qf2 Ba6 29. cxd5 Bxf1 30. Qxf1 Qg5 31. e4 Nd3 32. Qxd3 Qxg3+ 33. Kf1 Qh3+ 34. Ke2 f5 35. Kd2 Bd6 36. Bc3 fxe4 37. fxe4 Bf4+ 38. Kc2 Rxc3+ 39. Qxc3 Rc8 40. Nc6 Qg2+ 41. Kb3 1-0

[Event "EU-chT 24th"]
[Site "Budva"]
[Date "2023.11.11"]
[Round "1.12"]
[White "Erdos, Viktor"]
[Black "Keinanen, Toivo"]
[Result "1/2-1/2"]
[WhiteElo "2557"]
[BlackElo "2527"]
[PlyCount "82"]
[EventDate "2023.11.11"]
[EventType "team-swiss"]
[EventRounds "9"]
[EventCountry "MNE"]
[SourceTitle "CB47_2023"]
[SourceDate "2023.11.22"]
[SourceVersion "1"]
[SourceVersionDate "2023.11.22"]
[SourceQuality "1"]
[WhiteTeam "Hungary"]
[BlackTeam "Finland"]
[WhiteTeamCountry "HUN"]
[BlackTeamCountry "FIN"]

1. d4 d5 2. c4 e6 3. Nf3 Nf6 4. Nc3 Be7 5. Bg5 h6 6. Bh4 dxc4 7. e3 Nd5 8. Bxe7 Qxe7 9. Qa4+ c6 10. Qxc4 b6 11. Be2 0-0 12. Rc1 Nxc3 13. Rxc3 Bb7 14. Ne5 Rc8 15. Bh5 g6 16. Bf3 Kg7 17. Qa4 c5 18. dxc5 bxc5 19. 0-0 Bxf3 20. Nxf3 Nd7 21. Rfc1 a5 22. h3 Rcb8 23. Rb3 Rxb3 24. Qxb3 a4 25. Qb7 Rb8 26. Qc7 Qe8 27. Ne5 Nf6 28. Nc4 Qf8 29. Rd1 Qc8 30. Qe5 Rb4 31. Qc3 Qc7 32. Nd6 Qb8 33. Rd2 g5 34. Qxc5 Rxb2 35. Rxb2 Qxb2 36. Qc7 Qb1+ 37. Kh2 Qg6 38. Qc3 Kh7 39. Qc7 Kg7 40. Qc3 Kh7 41. Qc7 Kg7 1/2-1/2

[Event "EU-Cup 38th"]
[Site "Durres"]
[Date "2023.10.05"]
[Round "5.3"]
[White "Kraus, Tomas"]
[Black "Erdos, Viktor"]
[Result "1/2-1/2"]
[WhiteElo "2491"]
[BlackElo "2559"]
[PlyCount "68"]
[EventDate "2023.10.01"]
[EventType "team-swiss"]
[EventRounds "7"]
[EventCountry "ALB"]
[SourceTitle "EXT 2024"]
[Source "ChessBase"]
[SourceDate "2023.10.10"]
[SourceVersion "1"]
[SourceVersionDate "2023.10.10"]
[SourceQuality "1"]
[WhiteTeam "Modra Javes"]
[BlackTeam "Ljubljana Tajfun"]
[WhiteTeamCountry "SVK"]
[BlackTeamCountry "SLO"]

1. e4 e5 2. Nf3 Nf6 3. Nc3 Nc6 4. d4 exd4 5. Nxd4 Bb4 6. Nxc6 bxc6 7. Bd3 d5 8. Bd2 0-0 9. 0-0 Rb8 10. Re1 Bg4 11. Qc1 Re8 12. exd5 Rxe1+ 13. Qxe1 cxd5 14. h3 Bd7 15. a3 Bd6 16. b4 c5 17. bxc5 Bxc5 18. Qe5 Be6 19. Bf4 Rc8 20. Nb5 Nd7 21. Qe1 Qf6 22. Bg3 Qg5 23. Kh2 Qe7 24. Rb1 Nf6 25. Qe5 Ne4 26. Bxe4 dxe4 27. Qxe4 a6 28. Nd4 Bxd4 29. Qxd4 Qxa3 30. Ra1 Qc3 31. Qxc3 Rxc3 32. Rxa6 Rxc2 33. Ra8+ Rc8 34. Rxc8+ Bxc8 1/2-1/2

[Event "EU-Cup 38th"]
[Site "Durres"]
[Date "2023.10.04"]
[Round "4.3"]
[White "Erdos, Viktor"]
[Black "Moussard, Jules"]
[Result "0-1"]
[WhiteElo "2559"]
[BlackElo "2642"]
[PlyCount "144"]
[EventDate "2023.10.01"]
[EventType "team-swiss"]
[EventRounds "7"]
[EventCountry "ALB"]
[SourceTitle "EXT 2024"]
[Source "ChessBase"]
[SourceDate "2023.10.10"]
[SourceVersion "1"]
[SourceVersionDate "2023.10.10"]
[SourceQuality "1"]
[WhiteTeam "Ljubljana Tajfun"]
[BlackTeam "Asnieres"]
[WhiteTeamCountry "SLO"]
[BlackTeamCountry "FRA"]

1. e4 c5 2. Nc3 a6 3. g3 b5 4. Bg2 Bb7 5. Nge2 e6 6. 0-0 Nc6 7. Re1 Nge7 8. d3 Nd4 9. Nf4 g6 10. e5 Bxg2 11. Nxg2 Nec6 12. Bf4 g5 13. Be3 Nxe5 14. Bxd4 cxd4 15. Nxb5 Nc6 16. Na3 Bb4 17. Re2 Bxa3 18. bxa3 Qa5 19. f4 gxf4 20. Nxf4 h5 21. Qf1 0-0-0 22. Ng2 Rdg8 23. Qxf7 Rf8 24. Qg6 Qxa3 25. Rae1 Qxa2 26. Nf4 Rhg8 27. Qh7 Rh8 28. Qg6 Qa5 29. Rxe6 Qc5 30. Re8+ Rxe8 31. Rxe8+ Rxe8 32. Qxe8+ Kc7 33. Qf7 Qxc2 34. Qxh5 a5 35. Nd5+ Kd6 36. Nf6 Qxd3 37. Qd5+ Kc7 38. Qxd7+ Kb6 39. Qd6 Qd1+ 40. Kg2 Qc2+ 41. Kh3 Kb5 42. Nd5 Qh7+ 43. Kg2 Qe4+ 44. Kh3 a4 45. Nf4 Qf5+ 46. Kg2 Qc2+ 47. Kh3 Qc5 48. Qe6 Ka5 49. g4 a3 50. g5 Qc2 51. Qd5+ Ka4 52. g6 Qb3+ 53. Kh4 Qxd5 54. Nxd5 a2 55. g7 a1Q 56. g8Q Qe1+ 57. Qg3 Qe4+ 58. Nf4 Ne7 59. Kh3 Nd5 60. Nxd5 Qxd5 61. Qf4 Kb3 62. Kh4 d3 63. Qd2 Qf3 64. Kg5 Qe2 65. Qc1 d2 66. Qb1+ Kc3 67. Qa1+ Kd3 68. Qa3+ Ke4 69. Qb4+ Kf3 70. Qg4+ Kf2 71. Qh4+ Kg2 72. Qg3+ Kh1 0-1

[Event "FIDE World Cup"]
[Site "Baku"]
[Date "2023.07.30"]
[Round "1.1"]
[White "Nasuta, Grzegorz"]
[Black "Erdos, Viktor"]
[Result "1/2-1/2"]
[WhiteElo "2552"]
[BlackElo "2571"]
[PlyCount "66"]
[EventDate "2023.07.30"]
[EventType "k.o."]
[EventRounds "8"]
[EventCountry "AZE"]
[SourceTitle "EXT 2024"]
[Source "ChessBase"]
[SourceDate "2023.10.10"]
[SourceVersion "1"]
[SourceVersionDate "2023.10.10"]
[SourceQuality "1"]

1. e4 e5 2. Nf3 Nc6 3. Bc4 Nf6 4. d3 d5 5. exd5 Nxd5 6. 0-0 Be7 7. Re1 f6 8. h3 Be6 9. Bb3 a5 10. c3 Bf7 11. d4 exd4 12. cxd4 0-0 13. Nc3 Bb4 14. Bd2 Nb6 15. Ne4 Bxb3 16. Qxb3+ Qd5 17. Qc2 Bxd2 18. Qxd2 Nc4 19. Qc3 Nd6 20. Qc5 Qxc5 21. Nxc5 Nb4 22. Re7 Rf7 23. Rxf7 Kxf7 24. a3 Nd5 25. Rc1 b6 26. Nd3 Ke6 27. Kf1 Kd7 28. g3 h5 29. a4 Nf5 30. h4 Rf8 31. Ke2 Re8+ 32. Kd2 Nd6 33. Re1 Ne4+ 1/2-1/2

[Event "Biel HTO 56th"]
[Site "Biel"]
[Date "2023.07.20"]
[Round "4"]
[White "Erdos, Viktor"]
[Black "Ajay Krishna, S."]
[Result "0-1"]
[WhiteElo "2571"]
[BlackElo "2390"]
[PlyCount "70"]
[EventDate "2023.07.17"]
[EventType "swiss"]
[EventRounds "10"]
[EventCountry "SUI"]
[SourceTitle "CBM 215 Extra"]
[Source "ChessBase"]
[SourceDate "2023.09.30"]
[SourceVersion "1"]
[SourceVersionDate "2023.09.30"]
[SourceQuality "1"]

1. e4 c5 2. Nc3 Nc6 3. Bb5 Nd4 4. Nf3 e6 5. 0-0 a6 6. Bd3 Nc6 7. e5 Qc7 8. Re1 Nge7 9. Be4 Rb8 10. d4 cxd4 11. Nxd4 Ng6 12. Bxg6 hxg6 13. Nf3 b5 14. Bf4 Bb7 15. Ng5 Ne7 16. Nce4 Nf5 17. Qd2 Qc6 18. Rad1 Rd8 19. f3 Be7 20. Qf2 f6 21. Nh3 g5 22. Be3 g4 23. Nf4 gxf3 24. Bc5 Bxc5 25. Nxc5 Kf7 26. g4 Ne3 27. Nxb7 Nxg4 28. Nxd8+ Rxd8 29. Rd6 Qb7 30. Red1 Nxf2 31. Kxf2 Qe4 32. Kg3 f2 33. Nxe6 dxe6 34. Rxd8 Qe1 35. R1d7+ Kg6 0-1

[Event "Sharjah Masters 6th"]
[Site "Sharjah"]
[Date "2023.05.25"]
[Round "9"]
[White "Mendonca, Leon Luke"]
[Black "Erdos, Viktor"]
[Result "1/2-1/2"]
[WhiteElo "2603"]
[BlackElo "2565"]
[PlyCount "58"]
[EventDate "2023.05.17"]
[EventType "swiss"]
[EventRounds "9"]
[EventCountry "UAE"]
[SourceTitle "CBM 215"]
[Source "ChessBase"]
[SourceDate "2023.08.31"]
[SourceVersion "1"]
[SourceVersionDate "2023.08.31"]
[SourceQuality "1"]

1. d4 Nf6 2. c4 g6 3. Nf3 Bg7 4. e3 0-0 5. Be2 c5 6. d5 e6 7. Nc3 d6 8. 0-0 Re8 9. Nd2 Na6 10. e4 Nc7 11. a4 Rb8 12. Ra3 b6 13. h3 Na6 14. Bd3 Nb4 15. Bb1 Bh6 16. Nf3 Bxc1 17. Qxc1 Kg7 18. Nh2 exd5 19. cxd5 Ba6 20. Rd1 Rb7 21. Nf3 Nh5 22. Qe3 Kg8 23. g4 Nf6 24. Qf4 Qe7 25. Kg2 Nd7 26. h4 f6 27. g5 Rf8 28. Qg3 Ne5 29. gxf6 Qxf6 1/2-1/2

[Event "Sharjah Masters 6th"]
[Site "Sharjah"]
[Date "2023.05.22"]
[Round "6"]
[White "Erdos, Viktor"]
[Black "Yoo, Christopher Woojin"]
[Result "1/2-1/2"]
[WhiteElo "2565"]
[BlackElo "2607"]
[PlyCount "86"]
[EventDate "2023.05.17"]
[EventType "swiss"]
[EventRounds "9"]
[EventCountry "UAE"]
[SourceTitle "CBM 215"]
[Source "ChessBase"]
[SourceDate "2023.08.31"]
[SourceVersion "1"]
[SourceVersionDate "2023.08.31"]
[SourceQuality "1"]

1. e4 e5 2. Nf3 Nc6 3. Nc3 Nf6 4. h3 d5 5. exd5 Nxd5 6. Bb5 Nxc3 7. bxc3 Bd6 8. 0-0 0-0 9. d4 exd4 10. cxd4 a6 11. Be2 Qf6 12. Rb1 Bf5 13. Rxb7 Nb4 14. c3 Nd5 15. Rb3 a5 16. Bc4 Be6 17. Ng5 a4 18. Rb2 a3 19. Rb3 Ne3 20. Qd3 Qxg5 21. Bxe3 Bxc4 22. Qxc4 Qf5 23. Rb5 Qe4 24. Qb3 c6 25. Rb7 Rab8 26. c4 Rxb7 27. Qxb7 Rb8 28. Qd7 Bf8 29. d5 cxd5 30. Qxd5 Qxd5 31. cxd5 Rb2 32. Rc1 f6 33. Bc5 Bxc5 34. Rxc5 Rxa2 35. Ra5 Kf7 36. Ra7+ Ke8 37. g4 Ra1+ 38. Kg2 a2 39. d6 g5 40. Kh2 Kd8 41. Kg2 Ke8 42. Kh2 Kd8 43. Kg2 Ke8 1/2-1/2

[Event "Sharjah Masters 6th"]
[Site "Sharjah"]
[Date "2023.05.20"]
[Round "4"]
[White "Erdos, Viktor"]
[Black "Sanal, Vahap"]
[Result "0-1"]
[WhiteElo "2565"]
[BlackElo "2600"]
[PlyCount "110"]
[EventDate "2023.05.17"]
[EventType "swiss"]
[EventRounds "9"]
[EventCountry "UAE"]
[SourceTitle "CBM 215"]
[Source "ChessBase"]
[SourceDate "2023.08.31"]
[SourceVersion "1"]
[SourceVersionDate "2023.08.31"]
[SourceQuality "1"]

1. e4 e5 2. Nf3 Nc6 3. d4 exd4 4. Nxd4 Nf6 5. Nxc6 bxc6 6. Bd3 d5 7. exd5 cxd5 8. 0-0 Be7 9. c4 0-0 10. Nc3 d4 11. Ne4 Bb7 12. Nxf6+ Bxf6 13. b4 Re8 14. a4 g6 15. Bd2 Qd7 16. h3 h5 17. b5 Kg7 18. Qc2 a6 19. c5 axb5 20. axb5 Bd5 21. Bf4 Rxa1 22. Rxa1 g5 23. c6 Qe7 24. Bd2 g4 25. hxg4 hxg4 26. Qd1 Be6 27. Bf4 Qc5 28. Rc1 Qh5 29. Be4 Bc4 30. Rxc4 Rxe4 31. g3 Re8 32. b6 Rh8 33. Kf1 Qh1+ 34. Ke2 Qd5 35. Kd2 Qa5+ 36. Kd3 Qa3+ 37. Kd2 Qa5+ 38. Kd3 Qf5+ 39. Kd2 cxb6 40. c7 Re8 41. Qc2 Qa5+ 42. Kd3 Qf5+ 43. Kd2 Qa5+ 44. Kd3 Qe1 45. Rxd4 Qf1+ 46. Kc3 Qb5 47. Qd1 Qd7 48. Kc4 Qc6+ 49. Kb3 Bxd4 50. Qxd4+ f6 51. Qd3 Ra8 52. Kb2 Qa4 53. Qd5 Qa1+ 54. Kc2 Ra2+ 55. Kd3 Qd1+ 0-1

[Event "Sharjah Masters 6th"]
[Site "Sharjah"]
[Date "2023.05.17"]
[Round "1"]
[White "Dardha, Daniel"]
[Black "Erdos, Viktor"]
[Result "1/2-1/2"]
[WhiteElo "2631"]
[BlackElo "2565"]
[PlyCount "45"]
[EventDate "2023.05.17"]
[EventType "swiss"]
[EventRounds "9"]
[EventCountry "UAE"]
[SourceTitle "CBM 215"]
[Source "ChessBase"]
[SourceDate "2023.08.31"]
[SourceVersion "1"]
[SourceVersionDate "2023.08.31"]
[SourceQuality "1"]

1. d4 Nf6 2. c4 g6 3. h4 c6 4. Nc3 d5 5. cxd5 cxd5 6. Bf4 Nc6 7. e3 Bg7 8. Be2 0-0 9. h5 Re8 10. hxg6 hxg6 11. Nf3 Bg4 12. Ne5 Bxe2 13. Qxe2 Nxe5 14. Bxe5 Ne4 15. Bxg7 Kxg7 16. Nxe4 dxe4 17. Qb5 Qc7 18. Qd5 Rad8 19. Qxe4 e5 20. dxe5 Rxe5 21. Qf4 Qa5+ 22. b4 Qd5 23. Qh6+ 1/2-1/2

[Event "Mitropa Cup"]
[Site "Mali Losinj"]
[Date "2023.04.17"]
[Round "7.13"]
[White "Erdos, Viktor"]
[Black "Baenziger, Fabian"]
[Result "1/2-1/2"]
[WhiteElo "2583"]
[BlackElo "2409"]
[PlyCount "74"]
[EventDate "2023.04.11"]
[EventType "team-tourn"]
[EventRounds "9"]
[EventCountry "CRO"]
[SourceTitle "CBM 213 Extra"]
[Source "ChessBase"]
[SourceDate "2023.05.31"]
[SourceVersion "1"]
[SourceVersionDate "2023.05.31"]
[SourceQuality "1"]
[WhiteTeam "Hungary"]
[BlackTeam "Switzerland"]
[WhiteTeamCountry "HUN"]
[BlackTeamCountry "SUI"]

1. e4 e5 2. Nf3 Nc6 3. d4 exd4 4. Nxd4 Bc5 5. Nb3 Bb6 6. Nc3 d6 7. Qe2 a5 8. Be3 a4 9. Bxb6 axb3 10. Be3 bxa2 11. Rxa2 Rxa2 12. Nxa2 Nge7 13. Nc3 0-0 14. Qd2 f5 15. f3 fxe4 16. Nxe4 Be6 17. Be2 Qd7 18. 0-0 h6 19. Re1 Nd5 20. Bf2 Nf4 21. Bg3 Nxe2+ 22. Rxe2 Qf7 23. Nc3 Ra8 24. h3 Qf5 25. Kh2 Bf7 26. b3 b5 27. Nd1 Qf6 28. Nc3 Qf5 29. Nd1 b4 30. Nf2 Qd5 31. Qe1 Qd4 32. Rd2 Ra1 33. Qe2 Qc5 34. Bf4 Bg6 35. Be3 Qe5+ 36. f4 Qe6 37. Qf3 Ne7 1/2-1/2

[Event "Reykjavik op"]
[Site "Reykjavik"]
[Date "2023.03.30"]
[Round "2"]
[White "Erdos, Viktor"]
[Black "Heimisson, Hilmir Freyr"]
[Result "1/2-1/2"]
[WhiteElo "2587"]
[BlackElo "2351"]
[PlyCount "98"]
[EventDate "2023.03.29"]
[EventType "swiss"]
[EventRounds "9"]
[EventCountry "ISL"]
[SourceTitle "CBM 213 Extra"]
[Source "ChessBase"]
[SourceDate "2023.05.31"]
[SourceVersion "1"]
[SourceVersionDate "2023.05.31"]
[SourceQuality "1"]

1. Nf3 d5 2. e3 Nf6 3. c4 e6 4. Nc3 b6 5. b3 Bd6 6. Bb2 0-0 7. Rc1 a6 8. cxd5 exd5 9. g3 Nbd7 10. Bg2 a5 11. 0-0 Ba6 12. d3 Nc5 13. Ne1 c6 14. Ne2 Rc8 15. Nd4 Qd7 16. a3 Rfd8 17. b4 Nb7 18. Nef3 h6 19. Re1 axb4 20. axb4 Bxb4 21. Ne5 Qe8 22. Ndxc6 Bxe1 23. Qxe1 Nc5 24. Nxd8 Rxd8 25. Qd1 Qb5 26. Bd4 Qb3 27. Bf1 Qxd1 28. Rxd1 Nfd7 29. Nc6 Re8 30. Nb4 Bb7 31. Bg2 Ne6 32. Bb2 Nc7 33. h4 Nc5 34. Rb1 f6 35. Bd4 Ra8 36. Rc1 Ra5 37. g4 Rb5 38. Bc3 N5e6 39. d4 Ra5 40. Nc6 Ra2 41. Ne7+ Kf7 42. Nf5 Ba6 43. Rb1 Rc2 44. Bb4 Be2 45. e4 Nf4 46. Ne3 Ra2 47. exd5 Nxg2 48. Kxg2 Bd3 49. Re1 Be4+ 1/2-1/2

[Event "BCF-chT 2223 (4NCL)"]
[Site "England"]
[Date "2023.03.19"]
[Round "8.3"]
[White "Gallana, Marco"]
[Black "Erdos, Viktor"]
[Result "1/2-1/2"]
[WhiteElo "2265"]
[BlackElo "2587"]
[PlyCount "137"]
[EventDate "2022.10.22"]
[EventType "team-swiss"]
[EventRounds "11"]
[EventCountry "ENG"]
[SourceTitle "CBM 213 Extra"]
[Source "ChessBase"]
[SourceDate "2023.05.31"]
[SourceVersion "1"]
[SourceVersionDate "2023.05.31"]
[SourceQuality "1"]
[WhiteTeam "Celtic Tigers"]
[BlackTeam "Chess.com Manx Liberty"]
[WhiteTeamCountry "ENG"]
[BlackTeamCountry "ENG"]

1. d4 d5 2. c4 dxc4 3. Nf3 Nf6 4. e3 e6 5. Bxc4 a6 6. 0-0 Nbd7 7. Re1 b5 8. Bd3 c5 9. a4 bxa4 10. e4 Be7 11. d5 exd5 12. exd5 0-0 13. d6 Bxd6 14. Bxh7+ Nxh7 15. Qxd6 Bb7 16. Qg3 Bxf3 17. Qxf3 Re8 18. Rxe8+ Qxe8 19. Be3 Rb8 20. Nc3 Rxb2 21. Nxa4 Rb8 22. Qc6 Nhf6 23. h3 Qe4 24. Qxe4 Nxe4 25. f3 Rb3 26. Rd1 Rxe3 27. Rxd7 Ra3 28. Nb6 Ng3 29. Rc7 Ne2+ 30. Kf1 Nf4 31. Nd7 Ne6 32. Rc8+ Kh7 33. h4 Ra2 34. g4 Rd2 35. Ne5 f6 36. Nf7 Rd7 37. Re8 Rxf7 38. Rxe6 Ra7 39. Rc6 a5 40. Rxc5 a4 41. Rc2 a3 42. Ra2 Kg6 43. Kf2 Ra4 44. Kg3 Kf7 45. h5 Ke6 46. f4 Kd5 47. g5 fxg5 48. fxg5 Kc4 49. h6 gxh6 50. gxh6 Kb3 51. h7 Ra8 52. Rf2 a2 53. Rf1 Rh8 54. Rf3+ Kb4 55. Rf4+ Kc3 56. Rf3+ Kb4 57. Rf4+ Kb5 58. Rf5+ Kb6 59. Rf6+ Kb7 60. Rf7+ Kb8 61. Rf1 Rxh7 62. Ra1 Ra7 63. Kf3 Kc7 64. Ke3 Kc6 65. Kd3 Kc5 66. Kc3 Ra3+ 67. Kb2 Kb4 68. Rxa2 Rxa2+ 69. Kxa2 1/2-1/2

[Event "HUN-chT 2223"]
[Site "Hungary"]
[Date "2023.01.29"]
[Round "4.1"]
[White "Erdos, Viktor"]
[Black "Mihok, Oliver"]
[Result "1/2-1/2"]
[WhiteElo "2591"]
[BlackElo "2546"]
[PlyCount "75"]
[EventDate "2022.11.20"]
[EventType "team-tourn"]
[EventRounds "9"]
[EventCountry "HUN"]
[SourceTitle "CBM 213 Extra"]
[Source "ChessBase"]
[SourceDate "2023.05.31"]
[SourceVersion "1"]
[SourceVersionDate "2023.05.31"]
[SourceQuality "1"]
[WhiteTeam "Kobanya Aquarena"]
[BlackTeam "Mako Duocor"]
[WhiteTeamCountry "HUN"]
[BlackTeamCountry "HUN"]

1. d4 Nf6 2. c4 g6 3. Nc3 Bg7 4. e4 d6 5. Be2 0-0 6. Bg5 Na6 7. Qd2 e5 8. d5 c6 9. f3 cxd5 10. cxd5 Bd7 11. Bd1 b5 12. a3 Qa5 13. Ra2 b4 14. axb4 Qb6 15. Be3 Qb7 16. b5 Nc7 17. Nge2 Nxb5 18. 0-0 Ne8 19. Nxb5 Bxb5 20. Ba4 Nc7 21. Rc1 a6 22. b3 f5 23. Rac2 Ne8 24. Rc6 fxe4 25. fxe4 Qf7 26. Bxb5 axb5 27. Ng3 h5 28. h3 Qd7 29. Nf1 Rf7 30. Qc2 Bf6 31. Nh2 g5 32. Rc8 Rxc8 33. Qxc8 Bd8 34. Qxd7 Rxd7 35. Rc8 Kf7 36. Nf3 g4 37. Nd2 Ba5 38. hxg4 1/2-1/2

[Event "Braila GP RO Stage 5"]
[Site "Braila"]
[Date "2022.11.06"]
[Round "7"]
[White "Sethuraman, SP."]
[Black "Erdos, Viktor"]
[Result "1/2-1/2"]
[WhiteElo "2643"]
[BlackElo "2591"]
[PlyCount "117"]
[EventDate "2022.11.05"]
[EventType "swiss (rapid)"]
[EventRounds "10"]
[EventCountry "ROU"]
[SourceTitle "EXT 2024"]
[Source "ChessBase"]
[SourceDate "2023.10.10"]
[SourceVersion "1"]
[SourceVersionDate "2023.10.10"]
[SourceQuality "1"]

1. e4 e5 2. Nf3 Nc6 3. Bc4 Nf6 4. d3 Be7 5. 0-0 0-0 6. Re1 d6 7. a4 h6 8. Nc3 Re8 9. h3 Bf8 10. Bd2 a5 11. Ne2 Be6 12. Bb5 Bd7 13. Ng3 Ne7 14. d4 c6 15. Bd3 Ng6 16. c3 Nh7 17. Bc4 Nf6 18. Qb3 d5 19. exd5 cxd5 20. Bxd5 Nxd5 21. Qxd5 Bc6 22. Qxd8 Raxd8 23. Nf5 Bxf3 24. gxf3 Re6 25. Re4 Rf6 26. Ng3 Rxf3 27. Kg2 Rd3 28. Be3 exd4 29. Bxd4 Rd2 30. b3 Rb2 31. h4 Rxb3 32. Rae1 b5 33. h5 Ne7 34. axb5 Rxb5 35. Rxe7 Bxe7 36. Rxe7 Ra8 37. c4 Rb4 38. Rc7 a4 39. Nf5 a3 40. Bxg7 a2 41. Bd4 Rb6 42. c5 Re6 43. c6 a1Q 44. Bxa1 Rxa1 45. Rc8+ Kh7 46. Rf8 Rxc6 47. Rxf7+ Kg8 48. Rg7+ Kf8 49. Rh7 Ra5 50. Ng3 Rf6 51. Ne4 Rf4 52. Ng3 Kg8 53. Rxh6 Ra2 54. Rg6+ Kf7 55. Nh1 Rf5 56. Rh6 Kg7 57. Rg6+ Kh7 58. Rg3 Rxh5 59. Rh3 1/2-1/2